| 000 | 00624nam a22002417a 4500 | ||
|---|---|---|---|
| 003 | UA-OsUOA | ||
| 001 | 34259 | ||
| 007 | ta | ||
| 008 | 20050927b un ||||| |||| 00| 0 ukr d | ||
| 100 | _aНараян Р.К. | ||
| 090 |
_a821.111 _bН28 |
||
| 942 | _cBK | ||
| 040 |
_aUA-OsUOA _bukr _cUA-OsUOA _dUA-OsUOA |
||
| 245 |
_aГід _bромани |
||
| 300 | _a368 с. | ||
| 955 | _a3 | ||
| 041 | _aukr | ||
| 080 | _a821.111 | ||
| 260 |
_aК. _bДніпро _c1974 |
||
| 246 | 3 | 1 |
_aПродавець солодощів _n |
| 650 | 7 |
_a82 Література. Літературознавство _2UDC |
|
| 999 |
_c320693 _d320693 |
||